Study on situation of non timber forest products management in chambok commune, phnomsrouch district, kompong speu, សិក្សាលើស្ថានភាពនៃការគ្រប់គ្រងអនុផលព្រៃឈើក្នុងឃុំចំបក់ ស្រុកភ្នំស្រួច ខេត្តកំពង់ស្ពឺ (Record no. 3400)

000 -LEADER
fixed length control field 00717nam a22001337a 4500
040 ## - CATALOGING SOURCE
Transcribing agency RUA
082 ## - DEWEY DECIMAL CLASSIFICATION NUMBER
Classification number FOR ENG 2009 B138 Or.1
100 ## - MAIN ENTRY--AUTHOR NAME
Personal name ENG, MENGEY.
245 ## - TITLE STATEMENT
Title Study on situation of non timber forest products management in chambok commune, phnomsrouch district, kompong speu, សិក្សាលើស្ថានភាពនៃការគ្រប់គ្រងអនុផលព្រៃឈើក្នុងឃុំចំបក់ ស្រុកភ្នំស្រួច ខេត្តកំពង់ស្ពឺ
260 ## - PUBLICATION, DISTRIBUTION, ETC. (IMPRINT)
Place of publication Phnom Penh
Name of publisher RUA
Year of publication 2009
300 ## - PHYSICAL DESCRIPTION
Number of Pages x; 50p.
Other physical details ill.
Dimensions 29cm.
856 ## - ELECTRONIC LOCATION AND ACCESS
Uniform Resource Identifier https://drive.google.com/file/d/1_QWzMDWPVKJy2om3q3tOE5ytqSIS5fqp/view?usp=sharing
942 ## - ADDED ENTRY ELEMENTS (KOHA)
Koha item type FOR
952 ## - LOCATION AND ITEM INFORMATION (KOHA)
Withdrawn status [LOCAL, KOHA] 0
952 ## - LOCATION AND ITEM INFORMATION (KOHA)
Withdrawn status [LOCAL, KOHA] 0
952 ## - LOCATION AND ITEM INFORMATION (KOHA)
Withdrawn status [LOCAL, KOHA] 0
952 ## - LOCATION AND ITEM INFORMATION (KOHA)
Withdrawn status [LOCAL, KOHA] 0
952 ## - LOCATION AND ITEM INFORMATION (KOHA)
Withdrawn status [LOCAL, KOHA] 0
952 ## - LOCATION AND ITEM INFORMATION (KOHA)
Withdrawn status [LOCAL, KOHA] 0
952 ## - LOCATION AND ITEM INFORMATION (KOHA)
Withdrawn status [LOCAL, KOHA] 0
952 ## - LOCATION AND ITEM INFORMATION (KOHA)
Withdrawn status [LOCAL, KOHA] 0
952 ## - LOCATION AND ITEM INFORMATION (KOHA)
Withdrawn status [LOCAL, KOHA] 0
Holdings
Permanent Location Date acquired Koha item type Lost status Shelving location Barcode Current Location Full call number
Library Block B2015-11-13FOR B138RUA026139Library Block BFOR ENG 2009 B138 Or.1
Library Block B2015-11-13FOR B138RUA026211Library Block BFOR ENG 2009 B138 Or.2
Library Block B2015-11-13FOR B138RUA026283Library Block BFOR ENG 2009 B138 Or.3
Library Block B2015-11-13FOR B138RUA026355Library Block BFOR ENG 2009 B138 Or.4
Library Block B2015-11-13FOR B138RUA026347Library Block BFOR ENG 2009 B138 Or.5
Library Block B2015-11-13FOR B138RUA026056Library Block BFOR ENG 2009 B138 Or.6
Library Block B2015-11-13FOR B138RUA026128Library Block BFOR ENG 2009 B138 Or.7
Library Block B2015-11-13FOR B138RUA026200Library Block BFOR ENG 2009 B138 Or.8
Library Block B2015-11-13FOR B138RUA026272Library Block BFOR ENG 2009 B138 Or.9
មជ្ឈមណ្ឌលឯការនៃសាកលវិទ្យាល័យភូមិន្ទកសិកម្មចំការដូង

Powered by Koha